000 00333nam a2200133 i 4500
001 bg
100 1 _aSVERDLOV, A. G.
245 0 _aOposredovannoe dejstvie ionizirujuščego izlučenija /
_cA.G. Sverdlov.
260 _aMoskva,
_c1968.
040 _cBPK
041 _apol
942 _cKS
008 s pl f |000 0 pol
999 _c12792
_d12792
856 _uhttp://koha.tu.koszalin.pl/cgi-bin/koha/opac-detail.pl?biblionumber=12792
_yKatalog online BPK